| 000 | 00467nam a2200169 4500 | ||
|---|---|---|---|
| 005 | 20260505131952.0 | ||
| 008 | 260505b |||||||| |||| 00| 0 eng d | ||
| 020 |
_a9783110133912 _qHBK |
||
| 041 | _aENG | ||
| 100 | _aZaefferer, D. | ||
| 245 |
_aSemantic Universals and Universal Semantics _cD.Zaefferer |
||
| 260 |
_aNew York _bDe Gruyter Mouton _c1991 |
||
| 300 |
_a242p. : _c22Ccm |
||
| 504 | _aBib and Ref | ||
| 650 | _aPhilosophy & theory | ||
| 942 | _cENGLISH | ||
| 999 |
_c622560 _d622560 |
||